| 000 | 00791nam a2200241 a 4500 | ||
|---|---|---|---|
| 001 | 000010800 | ||
| 005 | 20200929162308.0 | ||
| 008 | 091012s2002 es ac 001 0 spa d | ||
| 020 | _a8466605894 | ||
| 040 |
_aDO-SdBNP _bspa _cBNPHU |
||
| 082 |
_axxxx _bT176m |
||
| 100 | 1 |
_aTaraborrelli, J. Randy _926094 |
|
| 245 | 1 | 0 |
_aMadonna / _cJ. Randy Taraborrelli ; traducción de Jordi Vidal. |
| 260 |
_aBarcelona, : _bEdiciones B, _c2002. |
||
| 300 |
_a467 p. : _bil., retr. ; _c24 cm. |
||
| 490 | 1 | _aMemorama | |
| 500 | _aEl retrato difinitivo de un icono de nuestro tiempo | ||
| 500 | _aIncluye nota del autor el la (p. 9 - 11) | ||
| 534 |
_pTitulo original en inglés _tMadonna an intimate biograpby |
||
| 700 | 1 |
_aVidal, Jordi _etr. _926095 |
|
| 830 | 0 |
_aMemorama _926096 |
|
| 049 | _aBNPD | ||
| 999 |
_c10549 _d10549 |
||